| 000 | 02197cam a2200445 i 4500 | ||
|---|---|---|---|
| 001 | 18181530 | ||
| 003 | OSt | ||
| 005 | 20260220151509.0 | ||
| 008 | 140609s2014 ilu 001 0 eng c | ||
| 010 | _a 2014005330 | ||
| 020 |
_a9781433541384 _q(hardcover) |
||
| 020 |
_a1433541386 _q(hardcover) |
||
| 020 |
_a9781433579783 _q(note-taking edition) |
||
| 020 |
_a1433579782 _q(note-taking edition) |
||
| 020 |
_a9781433569630 _q(tru-tone edition) |
||
| 020 |
_a1433569639 _q(tru-tone edition) |
||
| 035 | _a18181530 | ||
| 035 | _a(OCoLC)866096888 | ||
| 040 |
_aDLC _beng _cDLC _erda _dYDXCP _dBTCTA _dBDX _dOCLCF _dOCLCQ _dTXVID _dOCLCQ _dTCH _dHCO _dBKL _dCLE _dOCLCO _dDLC |
||
| 042 | _apcc | ||
| 050 | 0 | 0 |
_aBV4811 _b.T76 2014 |
| 100 | 1 |
_aTripp, Paul David, _d1950- |
|
| 245 | 1 | 0 |
_aNew morning mercies : _ba daily gospel devotional / _cPaul David Tripp. |
| 264 | 1 |
_aWheaton, Illinois : _bCrossway, _c[2014] |
|
| 300 |
_a1 volume (unpaged) ; _c24 cm |
||
| 336 |
_atext _btxt _2rdacontent |
||
| 337 |
_aunmediated _bn _2rdamedia |
||
| 338 |
_avolume _bnc _2rdacarrier |
||
| 500 | _aIncludes index. | ||
| 520 | _a"Mornings can be tough. Sometimes, a hearty breakfast and strong cup of coffee just aren't enough. Offering more than a rush of caffeine, best-selling author Paul David Tripp wants to energize you with the most potent encouragement imaginable: the gospel. Forget "behavior modification" or feel-good aphorisms. Tripp knows that what we really need is an encounter with the living God. Then we'll be prepared to trust in God's goodness, rely on his grace, and live for his glory each and every day"--Provided by publisher. | ||
| 650 | 0 | _aDevotional calendars. | |
| 650 | 6 | _aAlmanachs spirituels. | |
| 650 | 7 |
_adevotional calendars. _2aat |
|
| 650 | 7 |
_aRELIGION / Christian Life / Devotional. _2bisacsh |
|
| 650 | 7 |
_aDevotional calendars. _2fast _0(OCoLC)fst00892010 |
|
| 776 | 0 | 8 |
_iOnline version: _aTripp, Paul David, 1950- _tNew morning mercies. _dWheaton : Crossway, 2014 _z9781433541391 _w(DLC) 2014022731 |
| 906 |
_a7 _bcbc _corignew _d1 _eecip _f20 _gy-gencatlg |
||
| 942 |
_2lcc _cBK |
||
| 999 |
_c21307 _d21306 |
||